Länder, die mit L beginnen - Karten-Quiz - Statistiken

Allgemein
  • Dieses Quiz wurde 376 mal gespielt
  • Das Durchschnittsergebnis liegt bei 8 aus 9
Antworten auf der Karte
Die Antworten werden auf der Karte rot bzw. grün angezeigt, abhängig davon wie oft sie richtig erraten wurden.
 
Antwortstatistiken
Land % Korrekt
Lettland
100%
Litauen
100%
Liechtenstein
97%
Luxemburg
97%
Libyen
94%
Laos
93%
Lesotho
90%
Libanon
88%
Liberia
82%
Keine übereinstimmenden Quizze gefunden
Verteilung der Resultate
Anzahl Personen mit jedem Resultat
Perzentil nach korrekt beantworteten Fragen
Ihre Resultats-Entwicklung
Sie haben dieses Quiz noch nicht gespielt